000 00482nam a2200181Ia 4500
001 13166
005 20260306163033.0
008 260306t1999||||xx |||||||||||||| ||spa||
041 _aESP
082 _a001.4
_bR24
100 _aRamón y Cajal, Santiago
_eAUT
245 0 _aReglas y consejos sobre investigación científica:
_blos tónicos de la voluntad
260 _c1999
300 _a218 páginas :
_c17 cm.
650 _aGEN
654 _aCHU
942 _cLIB
_dJUS
_fJUS
_2ddc
_n
999 _c13166
_d13166